01342nam a2200169Ia 4500001001300000003001000013008004100023040002500064041000700089100003000096245007700126250001100203260003100214300001200245500086500257650005001122b5188-34314 IT-MiCISF161014s9999||||xx |||||||||||||| ||und|| aIT-MiCISFcIT-MiCISF ait aBonetti Renzo (a cura di) 0aLa reciprocità uomo-donnabVia di spiritualità coniugale e familiare a1a ed. a RomabCittà Nuovac2001 app. 520 aScola A., Bartolini E., Torti Mazzi R., Santorsola L., Giuliodori C., Mazzanti G., Di Nicola G.P., Danese A., Zattoni M., Gillini G., Rocchetta C., Aliotta M., Castellano Cervera J., Crociani L., Lora M. & M., Pilloni F., Valentini N., Gobbi L., Verdon T. / pastorale-familiare, spiritualità-coniugale, spiritualità-familiare, bibbia, differenza-sessuale, teologia, religioni-non-cristiane / Risultato della quinta Settimana Nazionale di studi sulla spiritualità coniugale e familiare, incentrata sulla reciprocità uomo-donna colti nella loro differenza originaria, il volume offre una vasta panoramica di opinioni e proposte per uno stimolante dibattito su un tema così importante per i cristiani di oggi. Tra i principali autori: E. Bartolini, A. Danese, G. P. Di Nicola, G. Gillini, M. Zattoni, C. Giuliodori, G. Mazzanti, C. Rocchetta, A. Scola.  a Temi di pastorale / pastorale-familiaree012